გადასახადები #15. 2018 (ბიბ.ჩანაწერი № 56263)
[ მარტივი ფორმატი ]
| 000 -LEADER | |
|---|---|
| fixed length control field | 00404nam a2200145Ia 4500 |
| 001 - CONTROL NUMBER | |
| control field | 23365 |
| 003 - CONTROL NUMBER IDENTIFIER | |
| control field | GE_BSU |
| 008 - FIXED-LENGTH DATA ELEMENTS--GENERAL INFORMATION | |
| fixed length control field | 181216s||||||||xx |||||||||||||| ||und|| |
| 040 ## - CATALOGING SOURCE | |
| Transcribing agency | GE_BSU |
| 245 ## - TITLE STATEMENT | |
| Title | გადასახადები #15. 2018 |
| 653 ## - INDEX TERM--UNCONTROLLED | |
| Uncontrolled term | cd |
| 653 ## - INDEX TERM--UNCONTROLLED | |
| Uncontrolled term | გადასახადები #15. 2018 |
| 653 ## - INDEX TERM--UNCONTROLLED | |
| Uncontrolled term | ელექტრონული ჟურნალი |
| 942 ## - ADDED ENTRY ELEMENTS (KOHA) | |
| Koha item type | კომპიუტერის ფაილები |
| Withdrawn status | Lost status | Damaged status | Not for loan | Date acquired | Barcode | Date last seen | Price effective from | Koha item type |
|---|---|---|---|---|---|---|---|---|
| 2018-12-17 | P79655 | 2018-12-17 | 2018-12-17 | კომპიუტერის ფაილები |
